<?xml version="1.0" encoding="UTF-8"?>
<record
    xmlns:xsi="http://www.w3.org/2001/XMLSchema-instance"
    xsi:schemaLocation="http://www.loc.gov/MARC21/slim http://www.loc.gov/standards/marcxml/schema/MARC21slim.xsd"
    xmlns="http://www.loc.gov/MARC21/slim">

  <leader>00908nas a2200265uu 4500</leader>
  <controlfield tag="001">1285474</controlfield>
  <controlfield tag="005">20260318101215.0</controlfield>
  <controlfield tag="008">120604uuuuuuuuu                    mul  </controlfield>
  <datafield tag="022" ind1="0" ind2=" ">
    <subfield code="a">1900-7922</subfield>
  </datafield>
  <datafield tag="035" ind1=" " ind2=" ">
    <subfield code="a">1285474</subfield>
  </datafield>
  <datafield tag="040" ind1=" " ind2=" ">
    <subfield code="c">comduadb</subfield>
  </datafield>
  <datafield tag="041" ind1=" " ind2=" ">
    <subfield code="a">POR</subfield>
    <subfield code="a">mul</subfield>
  </datafield>
  <datafield tag="245" ind1="1" ind2="3">
    <subfield code="a">La Manzana de la Discordia (Cali)</subfield>
  </datafield>
  <datafield tag="260" ind1=" " ind2=" ">
    <subfield code="a">Cali :</subfield>
    <subfield code="b">Universidad del Valle. Facultad de Humanidades. Centro de Estudios de G&#xE9;nero, Mujer y Sociedad,</subfield>
    <subfield code="c">2007.</subfield>
  </datafield>
  <datafield tag="650" ind1=" " ind2="7">
    <subfield code="a">Estudios de g&#xE9;nero</subfield>
    <subfield code="2">dcs</subfield>
    <subfield code="9">100291</subfield>
  </datafield>
  <datafield tag="650" ind1=" " ind2="7">
    <subfield code="a">Teor&#xED;a queer</subfield>
    <subfield code="2">armarc</subfield>
    <subfield code="9">96223</subfield>
  </datafield>
  <datafield tag="650" ind1=" " ind2="7">
    <subfield code="a">Participaci&#xF3;n de la mujer</subfield>
    <subfield code="2">lemb</subfield>
    <subfield code="9">47673</subfield>
  </datafield>
  <datafield tag="650" ind1=" " ind2="7">
    <subfield code="a">Derechos de la mujer</subfield>
    <subfield code="2">lemb</subfield>
    <subfield code="9">992</subfield>
  </datafield>
  <datafield tag="650" ind1=" " ind2="7">
    <subfield code="a">Mujeres</subfield>
    <subfield code="x">En la literatura</subfield>
    <subfield code="2">embne</subfield>
    <subfield code="9">2254</subfield>
  </datafield>
  <datafield tag="650" ind1=" " ind2="0">
    <subfield code="a">Mujeres y sociedad</subfield>
    <subfield code="9">52689</subfield>
  </datafield>
  <datafield tag="650" ind1=" " ind2=" ">
    <subfield code="a">Mujeres y pol&#xED;tica</subfield>
    <subfield code="9">83865</subfield>
  </datafield>
  <datafield tag="650" ind1=" " ind2="7">
    <subfield code="a">Pol&#xED;ticas p&#xFA;blicas</subfield>
    <subfield code="2">embne</subfield>
    <subfield code="9">110878</subfield>
  </datafield>
  <datafield tag="856" ind1="4" ind2=" ">
    <subfield code="u">http://manzanadiscordia.univalle.edu.co/</subfield>
  </datafield>
  <datafield tag="942" ind1=" " ind2=" ">
    <subfield code="c">REVISTA</subfield>
  </datafield>
  <datafield tag="999" ind1=" " ind2=" ">
    <subfield code="c">618129</subfield>
    <subfield code="d">618129</subfield>
  </datafield>
  <datafield tag="952" ind1=" " ind2=" ">
    <subfield code="0">0</subfield>
    <subfield code="1">0</subfield>
    <subfield code="4">0</subfield>
    <subfield code="7">0</subfield>
    <subfield code="8">HEMEROTECA</subfield>
    <subfield code="a">BC</subfield>
    <subfield code="b">BC</subfield>
    <subfield code="c">EST07A</subfield>
    <subfield code="h">Vol. 05, No. 01, Ene.-Jun. 2010</subfield>
    <subfield code="l">0</subfield>
    <subfield code="p">92290</subfield>
    <subfield code="r">2024-08-29 00:00:00</subfield>
    <subfield code="y">REVISTA</subfield>
  </datafield>
  <datafield tag="952" ind1=" " ind2=" ">
    <subfield code="0">0</subfield>
    <subfield code="1">0</subfield>
    <subfield code="4">0</subfield>
    <subfield code="7">0</subfield>
    <subfield code="8">HEMEROTECA</subfield>
    <subfield code="a">BC</subfield>
    <subfield code="b">BC</subfield>
    <subfield code="c">EST07A</subfield>
    <subfield code="h">Vol. 08, No. 01, Ene.-Jun. 2013</subfield>
    <subfield code="l">0</subfield>
    <subfield code="p">0984429</subfield>
    <subfield code="r">2024-08-29 00:00:00</subfield>
    <subfield code="y">REVISTA</subfield>
  </datafield>
  <datafield tag="952" ind1=" " ind2=" ">
    <subfield code="0">0</subfield>
    <subfield code="1">0</subfield>
    <subfield code="4">0</subfield>
    <subfield code="7">0</subfield>
    <subfield code="8">HEMEROTECA</subfield>
    <subfield code="a">BC</subfield>
    <subfield code="b">BC</subfield>
    <subfield code="c">EST07A</subfield>
    <subfield code="h">Volumen 11, N&#xFA;mero 01, Enero-Junio 2016</subfield>
    <subfield code="l">0</subfield>
    <subfield code="p">1015628</subfield>
    <subfield code="r">2024-08-29 00:00:00</subfield>
    <subfield code="y">REVISTA</subfield>
  </datafield>
  <datafield tag="952" ind1=" " ind2=" ">
    <subfield code="0">0</subfield>
    <subfield code="1">0</subfield>
    <subfield code="4">0</subfield>
    <subfield code="7">0</subfield>
    <subfield code="8">HEMEROTECA</subfield>
    <subfield code="a">BC</subfield>
    <subfield code="b">BC</subfield>
    <subfield code="c">EST07A</subfield>
    <subfield code="h">Vol. 03, No. 01, Ene.-Jun. 2008</subfield>
    <subfield code="l">0</subfield>
    <subfield code="p">807645</subfield>
    <subfield code="r">2024-08-29 00:00:00</subfield>
    <subfield code="y">REVISTA</subfield>
  </datafield>
  <datafield tag="952" ind1=" " ind2=" ">
    <subfield code="0">0</subfield>
    <subfield code="1">0</subfield>
    <subfield code="4">0</subfield>
    <subfield code="7">0</subfield>
    <subfield code="8">HEMEROTECA</subfield>
    <subfield code="a">BC</subfield>
    <subfield code="b">BC</subfield>
    <subfield code="c">EST07A</subfield>
    <subfield code="h">Vol. 06, No. 01, Ene.-Jun. 2011</subfield>
    <subfield code="l">0</subfield>
    <subfield code="p">807683</subfield>
    <subfield code="y">REVISTA</subfield>
  </datafield>
  <datafield tag="952" ind1=" " ind2=" ">
    <subfield code="0">0</subfield>
    <subfield code="1">0</subfield>
    <subfield code="4">0</subfield>
    <subfield code="7">0</subfield>
    <subfield code="8">HEMEROTECA</subfield>
    <subfield code="a">BC</subfield>
    <subfield code="b">BC</subfield>
    <subfield code="c">EST07A</subfield>
    <subfield code="h">Vol. 09, No. 01, Ene.-Jun. 2014</subfield>
    <subfield code="l">0</subfield>
    <subfield code="p">01011369</subfield>
    <subfield code="r">2024-08-29 00:00:00</subfield>
    <subfield code="y">REVISTA</subfield>
  </datafield>
  <datafield tag="952" ind1=" " ind2=" ">
    <subfield code="0">0</subfield>
    <subfield code="1">0</subfield>
    <subfield code="4">0</subfield>
    <subfield code="7">0</subfield>
    <subfield code="8">HEMEROTECA</subfield>
    <subfield code="a">BC</subfield>
    <subfield code="b">BC</subfield>
    <subfield code="c">EST07A</subfield>
    <subfield code="h">Vol. 02, No. 03, Ene.-Jun. 2007</subfield>
    <subfield code="l">0</subfield>
    <subfield code="p">807644</subfield>
    <subfield code="r">2024-08-29 00:00:00</subfield>
    <subfield code="y">REVISTA</subfield>
  </datafield>
  <datafield tag="952" ind1=" " ind2=" ">
    <subfield code="0">0</subfield>
    <subfield code="1">0</subfield>
    <subfield code="4">0</subfield>
    <subfield code="7">0</subfield>
    <subfield code="8">HEMEROTECA</subfield>
    <subfield code="a">BC</subfield>
    <subfield code="b">BC</subfield>
    <subfield code="c">EST07A</subfield>
    <subfield code="h">Volumen 10, N&#xFA;mero 02, Julio-Diciembre 2015</subfield>
    <subfield code="l">0</subfield>
    <subfield code="p">1015629</subfield>
    <subfield code="r">2024-08-29 00:00:00</subfield>
    <subfield code="y">REVISTA</subfield>
  </datafield>
  <datafield tag="952" ind1=" " ind2=" ">
    <subfield code="0">0</subfield>
    <subfield code="1">0</subfield>
    <subfield code="4">0</subfield>
    <subfield code="7">0</subfield>
    <subfield code="8">HEMEROTECA</subfield>
    <subfield code="a">BC</subfield>
    <subfield code="b">BC</subfield>
    <subfield code="c">EST07A</subfield>
    <subfield code="h">Vol. 06, No. 02, Jul.-Dic. 2011</subfield>
    <subfield code="l">0</subfield>
    <subfield code="p">807642</subfield>
    <subfield code="r">2024-08-29 00:00:00</subfield>
    <subfield code="y">REVISTA</subfield>
  </datafield>
  <datafield tag="952" ind1=" " ind2=" ">
    <subfield code="0">0</subfield>
    <subfield code="1">0</subfield>
    <subfield code="2">ddc</subfield>
    <subfield code="4">0</subfield>
    <subfield code="7">0</subfield>
    <subfield code="8">HEMEROTECA</subfield>
    <subfield code="a">BC</subfield>
    <subfield code="b">BC</subfield>
    <subfield code="c">EST07A</subfield>
    <subfield code="h">Vol. 02, No. 04, Jul.-Dic. 2007</subfield>
    <subfield code="l">1</subfield>
    <subfield code="p">807643</subfield>
    <subfield code="r">2024-09-11 00:00:00</subfield>
    <subfield code="s">2024-08-12</subfield>
    <subfield code="y">REVISTA</subfield>
  </datafield>
  <datafield tag="952" ind1=" " ind2=" ">
    <subfield code="0">0</subfield>
    <subfield code="1">0</subfield>
    <subfield code="4">0</subfield>
    <subfield code="7">0</subfield>
    <subfield code="8">HEMEROTECA</subfield>
    <subfield code="a">BC</subfield>
    <subfield code="b">BC</subfield>
    <subfield code="c">EST07A</subfield>
    <subfield code="h">Vol. 03, No. 02, Jul.-Dic. 2008</subfield>
    <subfield code="l">0</subfield>
    <subfield code="p">807646</subfield>
    <subfield code="r">2024-08-29 00:00:00</subfield>
    <subfield code="y">REVISTA</subfield>
  </datafield>
  <datafield tag="952" ind1=" " ind2=" ">
    <subfield code="0">0</subfield>
    <subfield code="1">0</subfield>
    <subfield code="4">0</subfield>
    <subfield code="7">0</subfield>
    <subfield code="8">HEMEROTECA</subfield>
    <subfield code="a">BC</subfield>
    <subfield code="b">BC</subfield>
    <subfield code="c">EST07A</subfield>
    <subfield code="h">Vol. 04, No. 01, Ene.-Jun. 2009</subfield>
    <subfield code="l">0</subfield>
    <subfield code="p">807686</subfield>
    <subfield code="r">2024-08-29 00:00:00</subfield>
    <subfield code="y">REVISTA</subfield>
  </datafield>
  <datafield tag="952" ind1=" " ind2=" ">
    <subfield code="0">0</subfield>
    <subfield code="1">0</subfield>
    <subfield code="4">0</subfield>
    <subfield code="7">0</subfield>
    <subfield code="8">HEMEROTECA</subfield>
    <subfield code="a">BC</subfield>
    <subfield code="b">BC</subfield>
    <subfield code="c">EST07A</subfield>
    <subfield code="h">Vol. 04, No. 02, Jul.-Dic. 2009</subfield>
    <subfield code="l">0</subfield>
    <subfield code="p">807685</subfield>
    <subfield code="r">2024-08-29 00:00:00</subfield>
    <subfield code="y">REVISTA</subfield>
  </datafield>
  <datafield tag="952" ind1=" " ind2=" ">
    <subfield code="0">0</subfield>
    <subfield code="1">0</subfield>
    <subfield code="4">0</subfield>
    <subfield code="7">0</subfield>
    <subfield code="8">HEMEROTECA</subfield>
    <subfield code="a">BC</subfield>
    <subfield code="b">BC</subfield>
    <subfield code="c">EST07A</subfield>
    <subfield code="h">Volumen 10. N&#xFA;mero 01, Enero-Junio 2015</subfield>
    <subfield code="l">0</subfield>
    <subfield code="p">1015627</subfield>
    <subfield code="r">2024-08-29 00:00:00</subfield>
    <subfield code="y">REVISTA</subfield>
  </datafield>
  <datafield tag="952" ind1=" " ind2=" ">
    <subfield code="0">0</subfield>
    <subfield code="1">0</subfield>
    <subfield code="4">0</subfield>
    <subfield code="7">0</subfield>
    <subfield code="8">HEMEROTECA</subfield>
    <subfield code="a">BC</subfield>
    <subfield code="b">BC</subfield>
    <subfield code="c">EST07A</subfield>
    <subfield code="h">Vol. 07, No. 02, Jul.-Dic. 2012</subfield>
    <subfield code="l">0</subfield>
    <subfield code="p">0978738</subfield>
    <subfield code="r">2024-08-29 00:00:00</subfield>
    <subfield code="y">REVISTA</subfield>
  </datafield>
  <datafield tag="952" ind1=" " ind2=" ">
    <subfield code="0">0</subfield>
    <subfield code="1">0</subfield>
    <subfield code="4">0</subfield>
    <subfield code="7">0</subfield>
    <subfield code="8">HEMEROTECA</subfield>
    <subfield code="a">BC</subfield>
    <subfield code="b">BC</subfield>
    <subfield code="c">EST07A</subfield>
    <subfield code="h">Vol. 08, No. 02, Jul.-Dic. 2013</subfield>
    <subfield code="l">1</subfield>
    <subfield code="p">01011368</subfield>
    <subfield code="r">2024-08-29 00:00:00</subfield>
    <subfield code="s">2023-10-15</subfield>
    <subfield code="y">REVISTA</subfield>
  </datafield>
  <datafield tag="952" ind1=" " ind2=" ">
    <subfield code="0">0</subfield>
    <subfield code="1">0</subfield>
    <subfield code="4">0</subfield>
    <subfield code="7">0</subfield>
    <subfield code="8">HEMEROTECA</subfield>
    <subfield code="a">BC</subfield>
    <subfield code="b">BC</subfield>
    <subfield code="c">EST07A</subfield>
    <subfield code="h">Volumen 09, N&#xFA;mero 02, Julio-Diciembre 2014</subfield>
    <subfield code="l">0</subfield>
    <subfield code="p">1015625</subfield>
    <subfield code="r">2024-08-29 00:00:00</subfield>
    <subfield code="y">REVISTA</subfield>
  </datafield>
</record>
